<?xml version="1.0" encoding="UTF-8"?>
<record
    xmlns:xsi="http://www.w3.org/2001/XMLSchema-instance"
    xsi:schemaLocation="http://www.loc.gov/MARC21/slim http://www.loc.gov/standards/marcxml/schema/MARC21slim.xsd"
    xmlns="http://www.loc.gov/MARC21/slim">

  <leader>01826    a2200217   4500</leader>
  <controlfield tag="003">NUST</controlfield>
  <controlfield tag="005">20221202143557.0</controlfield>
  <datafield tag="010" ind1=" " ind2=" ">
    <subfield code="a">   73017668</subfield>
  </datafield>
  <datafield tag="020" ind1=" " ind2=" ">
    <subfield code="a">8120319575</subfield>
    <subfield code="a">0471322466 (pbk.)</subfield>
  </datafield>
  <datafield tag="040" ind1=" " ind2=" ">
    <subfield code="c">Nust</subfield>
  </datafield>
  <datafield tag="082" ind1="0" ind2="0">
    <subfield code="a">537,PRA</subfield>
  </datafield>
  <datafield tag="100" ind1="1" ind2=" ">
    <subfield code="a">Pramanik, Ashutosh</subfield>
    <subfield code="9">10268</subfield>
  </datafield>
  <datafield tag="245" ind1="1" ind2="0">
    <subfield code="a">Electromagnetism :</subfield>
    <subfield code="b">Theory and Applications /</subfield>
    <subfield code="c"> I. Ashutosh Pramanik</subfield>
  </datafield>
  <datafield tag="260" ind1=" " ind2=" ">
    <subfield code="a">Delhi</subfield>
    <subfield code="b">Wiley</subfield>
    <subfield code="c"> 2003</subfield>
  </datafield>
  <datafield tag="300" ind1=" " ind2=" ">
    <subfield code="a">xiv, 803 p.:</subfield>
    <subfield code="b">illus.</subfield>
    <subfield code="c">24 cm.</subfield>
  </datafield>
  <datafield tag="490" ind1="0" ind2=" ">
    <subfield code="a">The   series</subfield>
  </datafield>
  <datafield tag="505" ind1=" " ind2=" ">
    <subfield code="a">Vector Analysis (Page-1), The Electrostatics Field in Free Space (Page-35), Conductors and Insulators in Electrostatic in Electronic Field (Page-59), Energy and Mechanical Forces in Electrostatic Fields (Page-90), Methods of Solving Electrostatic Field Problems (Page-104), Approximate Methods of Solving Electrostatics Field Problems (Page-153), Steady Electric Current and Electric Field (Page-189), Magnetic Field of Study Currents in Free Space (Page-204), Magnetic Field of Study Currents in Presence of Magnetic Materials (Page-238), Methods of Solving Magneto static Field Problem  (Page-263), Time &#x2013; Varying Fields and Electromagnetic Induction (Page-304), Forces and Energy in the Static and Quasi- Static Magnetic Fields (Page-399), Maxwell&#x2019;s Equations (Page-375), Vector Potential (Page-394), Energy Transfer in Electromagnetic Fields and Poynting Vector (Page-421), Time-Varying Field in Conductor (Magnetic Diffusion) (Page-447), Charge Relaxation (Page-508), Electromagnetic Waves (Page-526), Waveguides (Page-590), Radiation and Reception of Electromagnetic Waves (Page-636), Electromagnetism and Special Relativity (Page-674), Numerical Methods for and Computer Solutions of Electromagnetic Field Problems (Page-716).       </subfield>
  </datafield>
  <datafield tag="650" ind1=" " ind2="0">
    <subfield code="a">Electromagnetism.</subfield>
  </datafield>
  <datafield tag="700" ind1="1" ind2=" ">
    <subfield code="a">Phillips, W. R.</subfield>
    <subfield code="9">39798</subfield>
  </datafield>
  <datafield tag="942" ind1=" " ind2=" ">
    <subfield code="2">ddc</subfield>
    <subfield code="c">BK</subfield>
    <subfield code="k">537,PRA</subfield>
  </datafield>
  <datafield tag="999" ind1=" " ind2=" ">
    <subfield code="c">179350</subfield>
    <subfield code="d">179350</subfield>
  </datafield>
  <datafield tag="952" ind1=" " ind2=" ">
    <subfield code="0">0</subfield>
    <subfield code="1">0</subfield>
    <subfield code="2">ddc</subfield>
    <subfield code="4">0</subfield>
    <subfield code="7">0</subfield>
    <subfield code="a">MCS</subfield>
    <subfield code="b">MCS</subfield>
    <subfield code="c">GEN</subfield>
    <subfield code="d">2016-12-12</subfield>
    <subfield code="o">537,PRA</subfield>
    <subfield code="p">MCS30288</subfield>
    <subfield code="r">2016-12-08</subfield>
    <subfield code="w">2016-12-12</subfield>
    <subfield code="y">BK</subfield>
    <subfield code="z">Almirah No.16, Shelf No.4</subfield>
  </datafield>
</record>
